LEADER 01008nam0-22003491i-450- 001 990008089490403321 005 20100928125149.0 035 $a000808949 035 $aFED01000808949 035 $a(Aleph)000808949FED01 035 $a000808949 100 $a20050414d2004----km-y0itay50------ba 101 0 $aita 102 $aIT 105 $aa-------001yy 200 1 $aTurismo e assetto del territorio costiero$fPaolo Macchia, Riccardo Mazzanti 210 $aPisa$cFelici Editore$d2004 215 $a363 p.$d24 cm 610 0 $aassetto territoriale 610 0 $aItalia$aCoste$aTurismo 676 $a046.002 700 1$aMacchia,$bPaolo$f<1967- >$0273815 701 1$aMazzanti,$bRiccardo$0269879 801 0$aIT$bUNINA$gRICA$2UNIMARC 901 $aBK 912 $a990008089490403321 952 $aA-It 0735$bB.F.L.F. 60365$fILFGE 952 $a046.002.MAC.01$b6390$fDECGE 959 $aDECGE 959 $aILFGE 996 $aTurismo e assetto del territorio costiero$9753030 997 $aUNINA LEADER 01171nam--2200397---450- 001 990001362440203316 005 20040122131448.0 035 $a000136244 035 $aUSA01000136244 035 $a(ALEPH)000136244USA01 035 $a000136244 100 $a20040122d1981----km-y0itay0103----ba 101 0 $aita 102 $aIT 105 $a||||||||001yy 200 1 $aLezione$eLezione inaugurale della cattedra di Semiologia letteraria del Collège de France pronunciata il 7 gennaio 1977$fRoland Barthes$gtrad. di Renzo Guidieri 210 $aTorino$cEinaudi$d1981 215 $a36 p.$d18 cm 225 2 $aNuovo Politecnico$v123 327 1 $aLecon 410 0$12001$aNuovo Politecnico$v123 454 1$12001 461 1$1001-------$12001 606 0 $aLetteratura$xTeorie 676 $a801 700 1$aBARTHES,$bRoland$036036 702 1$aGUIDIERI,$bRenzo 801 0$aIT$bsalbc$gISBD 912 $a990001362440203316 951 $aVarie coll 38/123$b63 L.M.$cVarie 959 $aBK 969 $aUMA 979 $aSIAV6$b10$c20040122$lUSA01$h1314 979 $aPATRY$b90$c20040406$lUSA01$h1736 996 $aLezione$9812769 997 $aUNISA